000
00295nam a22001337a 4500
003
SGT
020
_a
97815-43344-13-4
100
_a
CHAKE, RAMESHWAR
245
_a
INSTRUMENTAL METHODS OF ANALYSIS
250
_a
1st
260
_a
S. VIKASH
_b
PUNJAB
_c
2020
650
_a
ANALYSIS
942
_2
ddc
_c
BK
999
_c
24731
_d
24731